Inter Squad 2018-2019 - Statistics

General Stats
  • This quiz has been taken 35 times
  • The average score is 19 of 26
Answer Stats
# Position Nation Player % Correct
10 FW Argentina Lautaro Martínez
100%
1 GK Slovenia Samir Handanović
100%
37 DF Slovakia Milan Škriniar
97%
6 DF Netherlands Stefan de Vrij
97%
44 FW Croatia Ivan Perišić
94%
77 MF Croatia Marcelo Brozović
90%
9 FW Argentina Mauro Icardi
90%
8 MF Uruguay Matías Vecino
87%
14 MF Belgium Radja Nainggolan
84%
20 MF Spain Borja Valero
81%
15 MF Portugal João Mário
81%
18 DF Ghana Kwadwo Asamoah
77%
11 FW Senegal Keita Balde
74%
2 DF Croatia Šime Vrsaljko
74%
23 DF Brazil Miranda
71%
5 MF Italy Roberto Gagliardini
71%
87 FW Italy Antonio Candreva
68%
33 DF Italy Danilo D'Ambrosio
68%
13 DF Italy Andrea Ranocchia
65%
- Coach Italy Luciano Spalletti
65%
27 GK Italy Daniele Padelli
61%
21 DF Portugal Cédric Soares
58%
16 FW Italy Matteo Politano
58%
46 GK Italy Tommaso Berni
58%
29 DF Brazil Dalbert
55%
93 GK Italy Raffaele Di Gennaro
26%
No matching quizzes found
Score Distribution
Percent of People with Each Score
Percentile by Number Answered
Your Score History
You have not taken this quiz